000 00777nam a2200217Ii 4500
003 JO-AjNU
008 230605s9999||||xx |||||||||||||| ||und||
017 _a1993/7109
020 _a977-10-0605-3
040 _aJO-AjNU
_bara
_erda
_cJO-AjNU
041 _aara
050 1 4 _aGV943.9 1993
100 3 _aمختار، حنفي محمود,
_eauthor
_913260
245 0 0 _aالاختبارات والقياسات للاعبى كرة القدم
264 3 1 _aحلوان: دار الفكر العربي، 1993
300 _a70ص
_bصور توضبحية
336 _atext
_btxt
_2rdacontent
337 _aunmediated
_bn
_2rdamedia
338 _avolume
_bnc
_2rdacarrier
650 4 _aكرة القدم -تدريب ، الاختبارات والقياسات التعليمية
_913261
999 _aA3255
_c6823
_d6823